Použitie teórie hromadnej obsluhy vo veľkoobchode kandidátska dizertačná práca

Salvato in:
Dettagli Bibliografici
Autore principale: Mesároš, Ľudovít
Ente Autore: Vysoká škola ekonomická v Bratislave
Altri autori: Rendoš, Ladislav
Natura: Libro
Lingua:slovacco
Pubblicazione: Bratislava 1972
Soggetti:
Tags: Aggiungi Tag
Nessun Tag, puoi essere il primo ad aggiungerne!!

MARC

LEADER 00000nam a2200000 4500
001 c002710
005 20221220102442.2
041 0 |a slo 
044 |a SK 
245 1 0 |a Použitie teórie hromadnej obsluhy vo veľkoobchode  |b kandidátska dizertačná práca  |c Ľudovít Mesároš ; Škol. Ladislav Rendoš 
264 1 |a Bratislava  |c 1972 
300 |a 173 s. 
610 2 0 |a teória obsluhy hromadnej 
610 2 0 |a veľkoobchod 
610 2 0 |a sklady 
610 2 0 |a vzťahy zmluvné 
610 2 0 |a zásobovanie materiálno-technické 
610 2 0 |a pohyb tovaru 
610 2 0 |a expedícia 
100 1 |a Mesároš, Ľudovít 
700 1 |a Rendoš, Ladislav 
710 2 |a Vysoká škola ekonomická v Bratislave